[Event "BIH-chT1 30th"]
[Site "Gorazde"]
[Date "2023.08.31"]
[Round "9.3"]
[White "Runic, Zoran"]
[Black "Rajic, Ivan1111"]
[Result "1/2-1/2"]
[WhiteElo "2263"]
[BlackElo "2113"]
[PlyCount "92"]
[EventDate "2023.08.26"]
[EventType "team-tourn"]
[EventRounds "9"]
[EventCountry "BIH"]
[SourceTitle "EXT 2024"]
[Source "ChessBase"]
[SourceDate "2023.10.10"]
[SourceVersion "1"]
[SourceVersionDate "2023.10.10"]
[SourceQuality "1"]

1. d4 d5 2. c4 c6 3. Nf3 Nf6 4. Nc3 e6 5. g3 Bd6 6. Bg2 Nbd7 7. 0-0 0-0 8. Qc2 dxc4 9. e4 e5 10. Rd1 exd4 11. Nxd4 Ne5 12. b3 Nd3 13. bxc4 Nxc1 14. c5 Bxc5 15. Ne6 Qa5 16. Nxc5 Qxc5 17. Raxc1 Ng4 18. h3 Ne5 19. Kh2 Be6 20. f4 Nc4 21. Nd5 cxd5 22. exd5 Bxh3 23. Bxh3 b5 24. Bd7 Qd6 25. Bc6 Ne3 26. Qe2 Nxd1 27. Bxa8 Rxa8 28. Rxd1 a6 29. Qd3 Rc8 30. Kg2 g6 31. Rd2 f6 32. Kh2 Kf7 33. Qf3 b4 34. Qe4 a5 35. f5 Re8 36. Qd4 Re5 37. fxg6+ hxg6 38. Qa7+ Qe7 39. Qd4 Rh5+ 40. Kg2 Qe1 41. Qa7+ Kg8 42. Qb8+ Kg7 43. Qc7+ Kh6 44. Qf4+ Kg7 45. Qc7+ Kh6 46. Qf4+ Kg7 1/2-1/2

[Event "BIH-chT1 30th"]
[Site "Gorazde"]
[Date "2023.08.30"]
[Round "8.3"]
[White "Redzepi, Mehmedalija"]
[Black "Runic, Zoran"]
[Result "0-1"]
[WhiteElo "1858"]
[BlackElo "2263"]
[PlyCount "68"]
[EventDate "2023.08.26"]
[EventType "team-tourn"]
[EventRounds "9"]
[EventCountry "BIH"]
[SourceTitle "EXT 2024"]
[Source "ChessBase"]
[SourceDate "2023.10.10"]
[SourceVersion "1"]
[SourceVersionDate "2023.10.10"]
[SourceQuality "1"]

1. d4 Nf6 2. c4 d6 3. Nc3 e5 4. dxe5 dxe5 5. Qxd8+ Kxd8 6. Bg5 Be7 7. 0-0-0+ Nfd7 8. h4 f6 9. Be3 c6 10. f4 Kc7 11. Nf3 Bd6 12. f5 h5 13. Bd2 a5 14. e4 a4 15. Be2 a3 16. b3 Na6 17. Ne1 Bc5 18. Nc2 Be7 19. Rdg1 Bc5 20. Rf1 Bd4 21. b4 b6 22. g4 hxg4 23. Bxg4 Bb7 24. Bf3 Kd8 25. Rh3 c5 26. b5 Nb4 27. Kb1 Nd3 28. Nxd4 cxd4 29. Nd5 Nb2 30. Rc1 Rc8 31. Be2 Ke8 32. h5 d3 33. Bxd3 Nxd3 34. Rxd3 Nc5 0-1

[Event "BIH-chT1 30th"]
[Site "Gorazde"]
[Date "2023.08.29"]
[Round "6.3"]
[White "Okicic, Nermin"]
[Black "Runic, Zoran"]
[Result "0-1"]
[WhiteElo "2158"]
[BlackElo "2263"]
[PlyCount "82"]
[EventDate "2023.08.26"]
[EventType "team-tourn"]
[EventRounds "9"]
[EventCountry "BIH"]
[SourceTitle "EXT 2024"]
[Source "ChessBase"]
[SourceDate "2023.10.10"]
[SourceVersion "1"]
[SourceVersionDate "2023.10.10"]
[SourceQuality "1"]

1. d4 d5 2. c4 Bf5 3. Nc3 e6 4. Nf3 c6 5. Bf4 Nd7 6. e3 Ngf6 7. cxd5 exd5 8. Bd3 Bg6 9. 0-0 Be7 10. h3 Bxd3 11. Qxd3 0-0 12. Rfd1 Re8 13. a3 a5 14. Rac1 Bf8 15. Ne5 Nb6 16. Bg5 Qd6 17. Qe2 a4 18. Nb1 Ne4 19. Bf4 Qe6 20. Nd2 Nxd2 21. Qxd2 f6 22. Nd3 Nc4 23. Qe2 Ra5 24. Rc3 Rb5 25. Rdc1 Na5 26. R1c2 Nb3 27. Qd1 Ra8 28. Re2 Ra6 29. Nc1 Na5 30. Nd3 Nc4 31. Bg3 Rab6 32. Qxa4 Nxb2 33. Nxb2 Rxb2 34. Rxb2 Rxb2 35. Qa8 h5 36. Rc1 g5 37. h4 Kf7 38. a4 gxh4 39. Bxh4 Bd6 40. Qh8 Qf5 41. Ra1 Rb1+ 0-1

[Event "Sarajevo Agent Locator Cup"]
[Site "Sarajevo"]
[Date "2022.12.30"]
[Round "9"]
[White "Runic, Zoran"]
[Black "Culum, Sanjin"]
[Result "1-0"]
[WhiteElo "2279"]
[BlackElo "2237"]
[PlyCount "109"]
[EventDate "2022.12.23"]
[EventType "tourn"]
[EventRounds "9"]
[EventCountry "BIH"]
[EventCategory "7"]
[SourceTitle "CBM 211 Extra"]
[Source "ChessBase"]
[SourceDate "2023.01.31"]
[SourceVersion "1"]
[SourceVersionDate "2023.01.31"]
[SourceQuality "1"]

1. d4 Nf6 2. c4 e6 3. Nc3 Bb4 4. Qc2 d5 5. a3 Bxc3+ 6. Qxc3 dxc4 7. Qxc4 0-0 8. Nf3 b6 9. Bf4 Ba6 10. Qc2 c5 11. dxc5 bxc5 12. g3 Nc6 13. Bg2 Qa5+ 14. Bd2 Qb5 15. 0-0 Rab8 16. b4 Nd4 17. Nxd4 cxd4 18. Rfe1 Bb7 19. Qd3 Qd7 20. Bxb7 Rxb7 21. Bg5 Ng4 22. Red1 Rb5 23. Bd2 Rh5 24. f3 Nf6 25. e4 Rb5 26. a4 Rb7 27. e5 Nd5 28. Qxd4 Rc7 29. b5 Rfc8 30. Rdc1 h5 31. h4 Rxc1+ 32. Rxc1 Rxc1+ 33. Bxc1 Qc7 34. Be3 Qc2 35. Bf2 Qe2 36. Kg2 Ne7 37. Qxa7 Nf5 38. Qa8+ Kh7 39. Qe4 Qb2 40. g4 hxg4 41. fxg4 g6 42. gxf5 gxf5 43. Qd4 Qb3 44. b6 Kg6 45. a5 Qb5 46. Qc5 Qe2 47. Qb4 Qd1 48. b7 Qd5+ 49. Kg1 Qd1+ 50. Be1 f4 51. b8Q Qg4+ 52. Kf1 Qf3+ 53. Bf2 Qd1+ 54. Qe1 Qd3+ 55. Kg1 1-0

[Event "Sarajevo Bosna op 51st"]
[Site "Sarajevo"]
[Date "2022.12.05"]
[Round "4"]
[White "Runic, Zoran"]
[Black "Drazic, Sinisa"]
[Result "1/2-1/2"]
[WhiteElo "2279"]
[BlackElo "2372"]
[PlyCount "116"]
[EventDate "2022.12.02"]
[EventType "swiss"]
[EventRounds "7"]
[EventCountry "BIH"]
[SourceTitle "CBM 211 Extra"]
[Source "ChessBase"]
[SourceDate "2023.01.31"]
[SourceVersion "1"]
[SourceVersionDate "2023.01.31"]
[SourceQuality "1"]

1. e4 e6 2. d4 c5 3. d5 exd5 4. exd5 d6 5. c4 Be7 6. Nc3 Nf6 7. Bd3 0-0 8. Nge2 Nbd7 9. f4 a6 10. a4 Ne8 11. Qc2 g6 12. 0-0 f5 13. h3 Nef6 14. Ng3 Re8 15. Bd2 Bf8 16. Rae1 Bg7 17. Nh1 Nf8 18. Nf2 Bd7 19. Be2 Nh5 20. Nh1 Nf6 21. Bf3 Rxe1 22. Rxe1 Rb8 23. Nf2 h5 24. Nd3 Qc7 25. Ra1 b6 26. Re1 Re8 27. Nc1 Qd8 28. Rxe8 Nxe8 29. N3e2 b5 30. axb5 axb5 31. b4 cxb4 32. c5 dxc5 33. Qxc5 Nh7 34. Bxb4 Bf8 35. Qd4 Bxb4 36. Qxb4 Qb6+ 37. Nd4 Nd6 38. Nce2 Nf6 39. Kh2 Kf7 40. Nc6 Qc7 41. Qc5 Kg7 42. g3 Be8 43. Ned4 Bf7 44. Qc3 h4 45. Ne2 Qb6 46. Kg2 hxg3 47. Kxg3 Qc5 48. Qxc5 Nde4+ 49. Bxe4 Nxe4+ 50. Kf3 Nxc5 51. Nb4 Ne4 52. Ke3 Kf6 53. Kd4 g5 54. fxg5+ Kxg5 55. Ke5 Nd2 56. Nd3 Nf3+ 57. Kd6 Kh4 58. Kc5 Bxd5 1/2-1/2

[Event "BIH-chT 20th"]
[Site "Neum"]
[Date "2022.09.16"]
[Round "7.2"]
[White "Runic, Zoran"]
[Black "Jovanovic, Zoran"]
[Result "1/2-1/2"]
[WhiteElo "2263"]
[BlackElo "2519"]
[PlyCount "49"]
[EventDate "2022.09.10"]
[EventType "team-tourn"]
[EventRounds "9"]
[EventCountry "BIH"]
[SourceTitle "CBM 210 Extra"]
[Source "ChessBase"]
[SourceDate "2022.11.30"]
[SourceVersion "1"]
[SourceVersionDate "2022.11.30"]
[SourceQuality "1"]
[WhiteTeam "Bihac"]
[BlackTeam "Sarajevo Bosna"]
[WhiteTeamCountry "BIH"]
[BlackTeamCountry "BIH"]

1. e4 d6 2. c4 e5 3. Nc3 g6 4. g3 Bg7 5. Bg2 Nc6 6. d3 Nge7 7. Nge2 Nd4 8. h3 Nec6 9. Be3 Be6 10. Nd5 Nxe2 11. Qxe2 Nd4 12. Bxd4 exd4 13. Nf4 Bd7 14. h4 c6 15. Nh3 Qa5+ 16. Qd2 Qxd2+ 17. Kxd2 a5 18. f4 Ke7 19. Nf2 Rhb8 20. Rhc1 b6 21. Bh3 Be8 22. Ng4 Bd7 23. Nf2 Be8 24. Ng4 Bd7 25. Nf2 1/2-1/2

[Event "BIH-chT 29th"]
[Site "Bihac"]
[Date "2022.08.25"]
[Round "4.2"]
[White "Runic, Zoran"]
[Black "Dizdarevic, Emir"]
[Result "1/2-1/2"]
[WhiteElo "2263"]
[BlackElo "2378"]
[PlyCount "27"]
[EventDate "2022.08.23"]
[EventType "tourn"]
[EventRounds "9"]
[EventCountry "BIH"]
[SourceTitle "CBM 210 Extra"]
[Source "ChessBase"]
[SourceDate "2022.11.30"]
[SourceVersion "1"]
[SourceVersionDate "2022.11.30"]
[SourceQuality "1"]

1. e4 c6 2. d4 d5 3. exd5 cxd5 4. Bd3 Nc6 5. c3 e6 6. Nf3 Bd6 7. 0-0 Nge7 8. Re1 0-0 9. Nbd2 h6 10. a3 Qc7 11. h3 Bd7 12. Qe2 Ng6 13. Bxg6 fxg6 14. Ne5 1/2-1/2

[Event "BIH-chT 29th"]
[Site "Bihac"]
[Date "2022.08.23"]
[Round "1.2"]
[White "Culum, Sanjin"]
[Black "Runic, Zoran"]
[Result "1-0"]
[WhiteElo "2351"]
[BlackElo "2263"]
[PlyCount "39"]
[EventDate "2022.08.23"]
[EventType "tourn"]
[EventRounds "9"]
[EventCountry "BIH"]
[SourceTitle "CBM 210 Extra"]
[Source "ChessBase"]
[SourceDate "2022.11.30"]
[SourceVersion "1"]
[SourceVersionDate "2022.11.30"]
[SourceQuality "1"]

1. d4 Nf6 2. Nf3 g6 3. g3 Bg7 4. Bg2 0-0 5. c4 Nc6 6. 0-0 a6 7. Nc3 Rb8 8. e4 d6 9. h3 b5 10. cxb5 axb5 11. a3 b4 12. axb4 Nxb4 13. Re1 Nd7 14. Bg5 c5 15. Nd5 Nf6 16. dxc5 dxc5 17. Nxf6+ Bxf6 18. Bh6 Bxb2 19. Bxf8 Bxa1 20. Qxd8 1-0

[Event "Jelah Akademija 002"]
[Site "Jelah"]
[Date "2022.05.08"]
[Round "9.1"]
[White "Runic, Zoran"]
[Black "Mesic, Ismet"]
[Result "1/2-1/2"]
[WhiteElo "2253"]
[BlackElo "2185"]
[PlyCount "40"]
[EventDate "2022.05.04"]
[EventType "tourn"]
[EventRounds "10"]
[EventCountry "BIH"]
[SourceTitle "CBM 208 Extra"]
[Source "ChessBase"]
[SourceDate "2022.07.31"]
[SourceVersion "1"]
[SourceVersionDate "2022.07.31"]
[SourceQuality "1"]

1. e4 c5 2. Nc3 d6 3. Bb5+ Bd7 4. Bxd7+ Qxd7 5. Nf3 Nf6 6. 0-0 Nc6 7. d4 cxd4 8. Nxd4 g6 9. Bg5 Bg7 10. Re1 0-0 11. Nxc6 Qxc6 12. Bxf6 Bxf6 13. Nd5 Rfe8 14. Nxf6+ exf6 15. Qd5 Qxc2 16. Qxb7 Reb8 17. Qd5 Qxb2 18. Qxd6 Rd8 19. Qf4 Qe5 20. Qe3 a5 1/2-1/2

[Event "Jelah Akademija 002"]
[Site "Jelah"]
[Date "2022.05.05"]
[Round "3.3"]
[White "Stavnjak, Lazar"]
[Black "Runic, Zoran"]
[Result "0-1"]
[WhiteElo "2154"]
[BlackElo "2253"]
[PlyCount "129"]
[EventDate "2022.05.04"]
[EventType "tourn"]
[EventRounds "10"]
[EventCountry "BIH"]
[SourceTitle "CBM 208 Extra"]
[Source "ChessBase"]
[SourceDate "2022.07.31"]
[SourceVersion "1"]
[SourceVersionDate "2022.07.31"]
[SourceQuality "1"]

1. e4 d6 2. d4 Nf6 3. Nc3 Nbd7 4. Bc4 e5 5. Nf3 Be7 6. dxe5 dxe5 7. 0-0 0-0 8. Qe2 c6 9. a4 a5 10. h3 Bc5 11. Be3 Qe7 12. Rfd1 Nh5 13. Bxc5 Nxc5 14. Qe3 Nf6 15. Nd2 g6 16. Nf1 Kg7 17. Ng3 h6 18. Rd2 Be6 19. Be2 Rfd8 20. Rad1 Rxd2 21. Qxd2 Nfd7 22. Qe3 h5 23. f4 exf4 24. Qxf4 Qf6 25. Qxf6+ Kxf6 26. Kf2 Ke5 27. Ke3 Nf6 28. Bf3 Rb8 29. h4 b5 30. axb5 cxb5 31. Nce2 Rc8 32. Nd4 Bd7 33. Be2 Na4 34. Rb1 Ng4+ 35. Bxg4 hxg4 36. c3 Nxc3 37. Rf1 Be8 38. h5 Na4 39. h6 f6 40. h7 Bd7 41. b3 Nb6 42. Nge2 Rh8 43. Nf4 Rxh7 44. Nxg6+ Kd6 45. Rxf6+ Kc7 46. Nf8 Re7 47. Kd3 Be8 48. Nfe6+ Kb8 49. Nc5 Ka7 50. Nc6+ Bxc6 51. Rxc6 a4 52. bxa4 bxa4 53. Kc3 Rf7 54. Rg6 Rc7 55. Kb4 a3 56. Nb3 a2 57. Ka3 Rc2 58. Rh6 Nc4+ 59. Kb4 Nd2 60. Rh7+ Kb8 61. Rh8+ Kc7 62. Ra8 Nxe4 63. Nd4 Rd2 64. Ne6+ Kd6 65. Nf4 0-1

[Event "Jelah Schev"]
[Site "Jelah"]
[Date "2022.03.24"]
[Round "3.4"]
[White "Runic, Zoran"]
[Black "Lu, Miaoyi"]
[Result "1/2-1/2"]
[WhiteElo "2279"]
[BlackElo "2219"]
[PlyCount "121"]
[EventDate "2022.03.23"]
[EventType "schev"]
[EventRounds "10"]
[EventCountry "BIH"]
[SourceTitle "EXT 2023"]
[Source "ChessBase"]
[SourceDate "2022.10.05"]
[SourceVersion "1"]
[SourceVersionDate "2022.10.05"]
[SourceQuality "1"]
[WhiteTeam "Seniors"]
[BlackTeam "Kadets"]
[WhiteTeamCountry "SRB"]
[BlackTeamCountry "SRB"]

1. e4 c5 2. Nf3 Nc6 3. b3 g6 4. Bb2 Nf6 5. e5 Nh5 6. Bb5 Bg7 7. Bxc6 bxc6 8. Nc3 Nf4 9. g3 Ne6 10. Qe2 a5 11. h4 h5 12. Ne4 a4 13. Qe3 axb3 14. axb3 Rxa1+ 15. Bxa1 d5 16. Nxc5 Qa5 17. Na4 c5 18. Bc3 Qc7 19. d4 cxd4 20. Nxd4 Qxe5 21. Nxe6 Qxe3+ 22. fxe3 Bxc3+ 23. Nxc3 Bxe6 24. Kd2 Kd7 25. Ra1 Rc8 26. Ra7+ Kd6 27. e4 dxe4 28. Nxe4+ Ke5 29. Ng5 Rd8+ 30. Ke3 Bd5 31. Ra5 Kf6 32. c4 Be6 33. Rb5 Bf5 34. Ne4+ Ke6 35. Rb6+ Ke5 36. Rb7 Bxe4 37. Rxe7+ Kf6 38. Rxe4 Rb8 39. c5 Rxb3+ 40. Kd4 Rxg3 41. c6 Rg1 42. Kc5 Rc1+ 43. Kb6 Rb1+ 44. Ka7 Rc1 45. Kb7 g5 46. c7 gxh4 47. c8Q Rxc8 48. Kxc8 Kg5 49. Kd7 h3 50. Kd6 h2 51. Re1 Kf4 52. Ke7 f5 53. Kf6 h4 54. Rb1 h3 55. Ra1 Kg4 56. Ke5 f4 57. Ke4 Kg3 58. Rb1 f3 59. Ke3 Kg2 60. Rh1 Kxh1 61. Kf2 1/2-1/2

[Event "Arandjelovac ASK-09 IM"]
[Site "Arandjelovac"]
[Date "2022.03.16"]
[Round "4"]
[White "Lu, Miaoyi"]
[Black "Runic, Zoran"]
[Result "1/2-1/2"]
[WhiteElo "2219"]
[BlackElo "2279"]
[PlyCount "120"]
[EventDate "2022.03.14"]
[EventType "tourn"]
[EventRounds "9"]
[EventCountry "SRB"]
[SourceTitle "CBM 207 Extra"]
[Source "ChessBase"]
[SourceDate "2022.05.31"]
[SourceVersion "1"]
[SourceVersionDate "2022.05.31"]
[SourceQuality "1"]

1. e4 c5 2. Nf3 d6 3. d4 cxd4 4. Nxd4 Nf6 5. Nc3 a6 6. a3 e6 7. g4 Qc7 8. g5 Nfd7 9. h4 Nc6 10. Be3 Nxd4 11. Qxd4 Ne5 12. Be2 b5 13. 0-0-0 Rb8 14. Kb1 Bd7 15. h5 Nc6 16. Qd2 Be7 17. g6 b4 18. axb4 Nxb4 19. gxf7+ Kxf7 20. Bd4 Rhg8 21. Rhg1 Bf8 22. h6 g6 23. Bh5 d5 24. exd5 e5 25. d6 Qc4 26. Bxe5 Bf5 27. Rc1 Nxc2 28. Rxc2 Qb3 29. Qd5+ Qxd5 30. Nxd5 gxh5 31. Rxg8 Kxg8 32. d7 Rd8 33. Bc7 Rxd7 34. Nf6+ Kf7 35. Nxd7 Bxd7 36. Rd2 Bf5+ 37. Ka1 h4 38. Bf4 h3 39. Rd5 Bg6 40. f3 Ke6 41. Rd2 Bb4 42. Rh2 Bf5 43. Ka2 Kf6 44. Kb3 Be7 45. Ka4 Kg6 46. Ka5 Bc8 47. Rc2 Bb7 48. Kb6 Bxf3 49. Kxa6 Be4 50. Rc7 Bf8 51. Rd7 Bxh6 52. Rd6+ Kf5 53. Rxh6 Kxf4 54. Rxh3 Kg4 55. Rh6 Kg5 56. Rd6 h5 57. b4 h4 58. b5 h3 59. Rd2 Bg2 60. b6 Kf4 1/2-1/2

[Event "Arandjelovac ASK-09 IM"]
[Site "Arandjelovac"]
[Date "2022.03.15"]
[Round "3"]
[White "Runic, Zoran"]
[Black "Pikula, Dejan"]
[Result "1/2-1/2"]
[WhiteElo "2279"]
[BlackElo "2332"]
[PlyCount "49"]
[EventDate "2022.03.14"]
[EventType "tourn"]
[EventRounds "9"]
[EventCountry "SRB"]
[SourceTitle "CBM 207 Extra"]
[Source "ChessBase"]
[SourceDate "2022.05.31"]
[SourceVersion "1"]
[SourceVersionDate "2022.05.31"]
[SourceQuality "1"]

1. e4 c5 2. Nf3 d6 3. d4 cxd4 4. Nxd4 Nf6 5. Nc3 a6 6. Bc4 e6 7. Bb3 b5 8. Qf3 Bb7 9. 0-0 Nbd7 10. Re1 Qc7 11. Qg3 Nc5 12. Nd5 exd5 13. exd5+ Kd8 14. Bg5 Qd7 15. c4 Kc7 16. Bxf6 gxf6 17. Qc3 Bg7 18. Bc2 f5 19. Bxf5 Qd8 20. b4 Na4 21. Ne6+ fxe6 22. Qxg7+ Qd7 23. Qxd7+ Kxd7 24. Bxe6+ Kc7 25. Rac1 1/2-1/2

[Event "Arandjelovac ASK-11 GM"]
[Site "Arandjelovac"]
[Date "2022.03.10"]
[Round "6"]
[White "Markovic, Miroslav"]
[Black "Runic, Zoran"]
[Result "1/2-1/2"]
[WhiteElo "2287"]
[BlackElo "2279"]
[PlyCount "86"]
[EventDate "2022.03.07"]
[EventType "tourn"]
[EventRounds "11"]
[EventCountry "SRB"]
[EventCategory "7"]
[SourceTitle "CBM 207 Extra"]
[Source "ChessBase"]
[SourceDate "2022.05.31"]
[SourceVersion "1"]
[SourceVersionDate "2022.05.31"]
[SourceQuality "1"]

1. Nf3 b6 2. d3 Bb7 3. g3 g6 4. Bg2 Bg7 5. 0-0 d6 6. c4 Nd7 7. Nc3 e6 8. Bd2 Ne7 9. b4 c5 10. bxc5 dxc5 11. Qc1 0-0 12. Bh6 Nc6 13. Bxg7 Kxg7 14. a4 Na5 15. Rb1 Qe7 16. Nd2 Bxg2 17. Kxg2 Ne5 18. Nce4 f6 19. Qc3 Kg8 20. h4 Nec6 21. Nf3 f5 22. Ned2 e5 23. Rh1 Qf6 24. Qb2 Rae8 25. Nf1 e4 26. Ng5 Qxb2 27. Rxb2 exd3 28. exd3 f4 29. Nh2 Ne5 30. Rd1 h6 31. Ngf3 fxg3 32. fxg3 Nxf3 33. Nxf3 Re3 34. Rf2 Rd8 35. d4 cxd4 36. Rxd4 Rxd4 37. Nxd4 Kg7 38. Nb5 Nxc4 39. Rf4 Nd2 40. Nxa7 Ne4 41. Nc8 Rxg3+ 42. Kh2 Re3 43. Nxb6 g5 1/2-1/2